| 000 | 01852nam0a2200409 4500 | ||
|---|---|---|---|
| 001 | RU\NLR\bibl\1489646 | ||
| 005 | 20260405195515.0 | ||
| 010 |
_a978-5-9238-0100-2 _9200 |
||
| 021 |
_aRU _b2010-5079 _9318 |
||
| 035 | _a(nilc)LIBNET\0000008367 | ||
| 035 | _aRUM0061852 | ||
| 035 | _aLIBNET\0000008367 | ||
| 035 | _a(NLR Aleph) 001481229 | ||
| 090 |
_a1704750 _c1704750 |
||
| 100 | _a20091126d2009 |||y0rusy50 ca | ||
| 101 | 0 | _arus | |
| 102 | _aRU | ||
| 105 | _aa ||||||||| | ||
| 200 | 1 |
_aПриемы управления продукционным процессом яровой пшеницы агрохимическими средствами в условиях засухи _fН. Т. Ниловская, Л. В. Осипова _gРос. акад. с.-х. наук, Гос. науч. учреждение Всерос. науч.-исслед. ин-т агрохимии им. Д. Н. Прянишникова |
|
| 210 |
_aМосква _cВНИИА _d2009 |
||
| 215 |
_a175 с. _cил. _d21 |
||
| 320 | _aБиблиогр.: с. 152-174 (370 назв.) | ||
| 606 | 1 |
_aОзимая пшеница _xАдаптация к засухе _xРоль удобрений _92597379 _3RU\NLR\auth\661534598 |
|
| 686 |
_a68.35.29.39.03 _2rugasnti |
||
| 686 |
_aП212.1-275.92,0 _2rubbk |
||
| 686 | _aП212.12-280 | ||
| 700 | 1 |
_aНиловская _bН. Т. _gНина Тихоновна _4070 |
|
| 701 | 1 |
_4070 _8rus _7ca _aОсипова _bЛ. В. _cд-р биол. наук _gЛюдмила Владимировна _3RU\NLR\auth\7787168 _970096 |
|
| 801 | 0 |
_aRU _bЦНСХБ РАСХН _c20091126 _gRCR |
|
| 801 | 1 |
_aRU _bЦНСХБ РАСХН _c20091126 _gRCR |
|
| 801 | 2 |
_aRU _bЦНСХБ РАСХН _c20100212 |
|
| 801 | 2 |
_aRU _bRuMoRGB _c20100205 |
|
| 801 | 2 |
_aRU _bNLR _c20100324 _grcr |
|
| 830 | _aпо эк | ||
| 942 | _cBOOK | ||
| 980 | _aNB | ||